[Event "DEM U12 2021"]
[Site "Willingen GER"]
[Date "2021.08.23"]
[Round "1"]
[White "Neuhoff, Laertes"]
[Black "Kullmann, Theo"]
[Result "1-0"]
[Termination "normal"]
[Board "4"]
[WhiteElo "1847"]
[BlackElo "1590"]
[WhiteClock "00:01:41"]
[BlackClock "00:09:24"]
[PlyCount "75"]
[WhiteFideId "16279719"]
[BlackFideId "16218582"]
[EventCountry "GER"]
[EventRounds "9"]
[EventType "swiss"]
[EventDate "2021.08.22"]

1. e4 {[%clk 01:30:58]} {[%emt 00:00:02]} e5 {[%clk 01:30:55]} {[%emt
00:00:05]} 2. Nf3 {[%clk 01:31:22]} {[%emt 00:00:05]} d6 {[%clk 01:31:21]}
{[%emt 00:00:04]} 3. d4 {[%clk 01:31:01]} {[%emt 00:00:51]} exd4 {[%clk
01:31:35]} {[%emt 00:00:16]} 4. Nxd4 {[%clk 01:30:09]} {[%emt 00:01:22]} Nf6
{[%clk 01:31:56]} {[%emt 00:00:09]} 5. Nc3 {[%clk 01:29:33]} {[%emt 00:01:06]}
Be7 {[%clk 01:32:16]} {[%emt 00:00:10]} 6. Be2 {[%clk 01:27:44]} {[%emt
00:02:19]} O-O {[%clk 01:32:34]} {[%emt 00:00:13]} 7. O-O {[%clk 01:27:35]}
{[%emt 00:00:39]} Re8 {[%clk 01:32:53]} {[%emt 00:00:11]} 8. Re1 {[%clk
01:18:27]} {[%emt 00:09:38]} c5 {[%clk 01:31:46]} {[%emt 00:01:37]} 9. Nb3
{[%clk 01:16:47]} {[%emt 00:02:10]} a6 {[%clk 01:31:50]} {[%emt 00:00:27]} 10.
a4 {[%clk 01:16:51]} {[%emt 00:00:26]} b6 {[%clk 01:32:10]} {[%emt 00:00:09]}
11. Bf3 {[%clk 01:12:48]} {[%emt 00:04:33]} Ra7 {[%clk 01:29:47]} {[%emt
00:02:53]} 12. Bf4 {[%clk 01:08:09]} {[%emt 00:05:09]} Be6 {[%clk 01:27:42]}
{[%emt 00:02:35]} 13. Qd2 {[%clk 01:00:41]} {[%emt 00:07:59]} Rd7 {[%clk
01:27:22]} {[%emt 00:00:48]} 14. Nd5 {[%clk 00:58:03]} {[%emt 00:03:10]} Nxd5
{[%clk 01:19:45]} {[%emt 00:08:06]} 15. exd5 {[%clk 00:57:03]} {[%emt
00:01:31]} Bf5 {[%clk 01:20:02]} {[%emt 00:00:12]} 16. Re2 {[%clk 00:47:44]}
{[%emt 00:09:49]} Bf6 {[%clk 01:18:36]} {[%emt 00:01:55]} 17. Rxe8+ {[%clk
00:37:12]} {[%emt 00:11:03]} Qxe8 {[%clk 01:18:39]} {[%emt 00:00:03]} 18. c4
{[%clk 00:35:41]} {[%emt 00:02:24]} a5 {[%clk 01:13:29]} {[%emt 00:05:41]} 19.
h3 {[%clk 00:26:00]} {[%emt 00:10:11]} Na6 {[%clk 01:11:16]} {[%emt 00:02:43]}
20. Re1 {[%clk 00:15:23]} {[%emt 00:11:06]} Re7 {[%clk 01:10:15]} {[%emt
00:01:31]} 21. Re3 {[%clk 00:11:09]} {[%emt 00:04:45]} Qd8 {[%clk 01:05:17]}
{[%emt 00:05:28]} 22. Bg4 {[%clk 00:08:26]} {[%emt 00:03:13]} Bg6 {[%clk
01:04:09]} {[%emt 00:01:38]} 23. Nc1 {[%clk 00:06:22]} {[%emt 00:02:35]} Nb4
{[%clk 00:55:36]} {[%emt 00:09:03]} 24. b3 {[%clk 00:06:03]} {[%emt 00:00:49]}
h6 {[%clk 00:50:04]} {[%emt 00:06:02]} 25. Bd1 {[%clk 00:04:42]} {[%emt
00:01:51]} Bd4 {[%clk 00:40:04]} {[%emt 00:10:28]} 26. Rxe7 {[%clk 00:03:21]}
{[%emt 00:01:53]} Qxe7 {[%clk 00:40:17]} {[%emt 00:00:17]} 27. Ne2 {[%clk
00:03:02]} {[%emt 00:00:49]} Bf6 {[%clk 00:30:10]} {[%emt 00:10:37]} 28. Nc3
{[%clk 00:02:27]} {[%emt 00:01:05]} Nd3 {[%clk 00:23:30]} {[%emt 00:07:10]} 29.
Bg3 {[%clk 00:02:17]} {[%emt 00:00:41]} Bxc3 {[%clk 00:15:21]} {[%emt
00:08:38]} 30. Qxc3 {[%clk 00:02:44]} {[%emt 00:00:03]} Qe4 {[%clk 00:15:19]}
{[%emt 00:00:27]} 31. Bc2 {[%clk 00:01:57]} {[%emt 00:01:22]} Qe2 {[%clk
00:14:30]} {[%emt 00:01:19]} 32. Bxd3 {[%clk 00:01:38]} {[%emt 00:00:50]} Bxd3
{[%clk 00:14:11]} {[%emt 00:00:49]} 33. Bxd6 {[%clk 00:01:40]} {[%emt
00:00:29]} Qf1+ {[%clk 00:11:57]} {[%emt 00:02:44]} 34. Kh2 {[%clk 00:02:07]}
{[%emt 00:00:03]} Be2 {[%clk 00:09:34]} {[%emt 00:02:52]} 35. Qg3 {[%clk
00:01:54]} {[%emt 00:00:43]} Qb1 {[%clk 00:09:28]} {[%emt 00:00:36]} 36. Be5
{[%clk 00:01:48]} {[%emt 00:00:37]} g6 {[%clk 00:09:29]} {[%emt 00:00:28]} 37.
Bf6 {[%clk 00:01:51]} {[%emt 00:00:27]} g5 {[%clk 00:09:24]} {[%emt 00:00:35]}
38. d6 {[%clk 00:01:41]} {[%emt 00:00:41]} 1-0

[Event "DEM U12 2021"]
[Site "Willingen GER"]
[Date "2021.08.23"]
[Round "1"]
[White "Middendorf, Sven-Jonas"]
[Black "Sauer, Tim"]
[Result "0-1"]
[Termination "normal"]
[Board "5"]
[WhiteElo "1407"]
[BlackElo "1810"]
[WhiteClock "00:47:17"]
[BlackClock "00:42:36"]
[PlyCount "110"]
[WhiteFideId "16287207"]
[BlackFideId "16265726"]
[EventCountry "GER"]
[EventRounds "9"]
[EventType "swiss"]
[EventDate "2021.08.22"]

1. e4 {[%clk 01:30:56]} {[%emt 00:00:03]} c5 {[%clk 01:30:57]} {[%emt
00:00:04]} 2. Nf3 {[%clk 01:31:20]} {[%emt 00:00:06]} g6 {[%clk 01:31:20]}
{[%emt 00:00:07]} 3. d4 {[%clk 01:31:24]} {[%emt 00:00:26]} cxd4 {[%clk
01:31:46]} {[%emt 00:00:05]} 4. Nxd4 {[%clk 01:31:44]} {[%emt 00:00:09]} Bg7
{[%clk 01:32:11]} {[%emt 00:00:05]} 5. Be3 {[%clk 01:31:56]} {[%emt 00:00:18]}
Nc6 {[%clk 01:32:18]} {[%emt 00:00:23]} 6. Nc3 {[%clk 01:31:41]} {[%emt
00:00:45]} Nf6 {[%clk 01:32:34]} {[%emt 00:00:13]} 7. Nxc6 {[%clk 01:29:23]}
{[%emt 00:02:48]} bxc6 {[%clk 01:32:43]} {[%emt 00:00:21]} 8. Bc4 {[%clk
01:28:04]} {[%emt 00:01:50]} O-O {[%clk 01:31:40]} {[%emt 00:01:33]} 9. O-O
{[%clk 01:27:09]} {[%emt 00:01:26]} Qa5 {[%clk 01:19:32]} {[%emt 00:12:38]} 10.
Rb1 {[%clk 01:20:29]} {[%emt 00:07:09]} Rb8 {[%clk 01:01:23]} {[%emt 00:18:38]}
11. a3 {[%clk 01:16:04]} {[%emt 00:04:56]} Rd8 {[%clk 01:01:06]} {[%emt
00:00:45]} 12. b4 {[%clk 01:14:27]} {[%emt 00:02:09]} Qc7 {[%clk 01:01:03]}
{[%emt 00:00:32]} 13. e5 {[%clk 01:01:18]} {[%emt 00:13:40]} Qxe5 {[%clk
00:58:17]} {[%emt 00:03:16]} 14. Bxa7 {[%clk 01:00:58]} {[%emt 00:00:50]} Qxc3
{[%clk 00:56:11]} {[%emt 00:02:36]} 15. Bxf7+ {[%clk 01:00:53]} {[%emt
00:00:36]} Kxf7 {[%clk 00:55:53]} {[%emt 00:00:47]} 16. Bxb8 {[%clk 01:00:25]}
{[%emt 00:00:59]} Ba6 {[%clk 00:55:56]} {[%emt 00:00:26]} 17. Rb3 {[%clk
00:57:51]} {[%emt 00:03:04]} Qc4 {[%clk 00:54:27]} {[%emt 00:02:00]} 18. Bc7
{[%clk 00:56:31]} {[%emt 00:01:50]} Rc8 {[%clk 00:54:43]} {[%emt 00:00:14]} 19.
Be5 {[%clk 00:52:46]} {[%emt 00:04:15]} Qxf1+ {[%clk 00:53:58]} {[%emt
00:01:15]} 20. Qxf1 {[%clk 00:52:57]} {[%emt 00:00:18]} Bxf1 {[%clk 00:54:16]}
{[%emt 00:00:12]} 21. Kxf1 {[%clk 00:52:52]} {[%emt 00:00:36]} d6 {[%clk
00:51:29]} {[%emt 00:03:17]} 22. Bxf6 {[%clk 00:52:34]} {[%emt 00:00:47]} Bxf6
{[%clk 00:51:44]} {[%emt 00:00:14]} 23. Rf3 {[%clk 00:51:07]} {[%emt 00:01:58]}
Ke6 {[%clk 00:51:16]} {[%emt 00:00:58]} 24. c4 {[%clk 00:49:07]} {[%emt
00:02:30]} Ra8 {[%clk 00:51:04]} {[%emt 00:00:42]} 25. Re3+ {[%clk 00:48:53]}
{[%emt 00:00:44]} Kd7 {[%clk 00:50:04]} {[%emt 00:01:29]} 26. f4 {[%clk
00:48:05]} {[%emt 00:01:19]} Ke8 {[%clk 00:42:58]} {[%emt 00:07:34]} 27. Ke1
{[%clk 00:45:54]} {[%emt 00:02:42]} Bb2 {[%clk 00:42:46]} {[%emt 00:00:42]} 28.
Rh3 {[%clk 00:45:17]} {[%emt 00:01:07]} h5 {[%clk 00:42:38]} {[%emt 00:00:38]}
29. f5 {[%clk 00:42:52]} {[%emt 00:02:56]} Rxa3 {[%clk 00:36:43]} {[%emt
00:06:25]} 30. Rxa3 {[%clk 00:40:39]} {[%emt 00:02:43]} Bxa3 {[%clk 00:36:59]}
{[%emt 00:00:14]} 31. fxg6 {[%clk 00:40:37]} {[%emt 00:00:32]} Bxb4+ {[%clk
00:37:22]} {[%emt 00:00:06]} 32. Ke2 {[%clk 00:41:00]} {[%emt 00:00:07]} Kf8
{[%clk 00:37:39]} {[%emt 00:00:12]} 33. Kf3 {[%clk 00:40:41]} {[%emt 00:00:50]}
Kg7 {[%clk 00:38:00]} {[%emt 00:00:09]} 34. g4 {[%clk 00:40:34]} {[%emt
00:00:38]} hxg4+ {[%clk 00:38:07]} {[%emt 00:00:23]} 35. Kxg4 {[%clk 00:40:59]}
{[%emt 00:00:04]} Kxg6 {[%clk 00:38:29]} {[%emt 00:00:08]} 36. h4 {[%clk
00:41:26]} {[%emt 00:00:03]} d5 {[%clk 00:38:27]} {[%emt 00:00:32]} 37. cxd5
{[%clk 00:41:28]} {[%emt 00:00:28]} cxd5 {[%clk 00:38:45]} {[%emt 00:00:11]}
38. Kf4 {[%clk 00:41:32]} {[%emt 00:00:26]} Bc3 {[%clk 00:38:36]} {[%emt
00:00:40]} 39. Ke3 {[%clk 00:41:37]} {[%emt 00:00:26]} e5 {[%clk 00:38:57]}
{[%emt 00:00:09]} 40. Kd3 {[%clk 00:41:55]} {[%emt 00:00:13]} Ba5 {[%clk
00:39:20]} {[%emt 00:00:06]} 41. Ke3 {[%clk 00:42:18]} {[%emt 00:00:07]} Bb6+
{[%clk 00:39:18]} {[%emt 00:00:33]} 42. Kd3 {[%clk 00:42:42]} {[%emt 00:00:06]}
e4+ {[%clk 00:39:38]} {[%emt 00:00:10]} 43. Ke2 {[%clk 00:42:56]} {[%emt
00:00:17]} d4 {[%clk 00:39:54]} {[%emt 00:00:14]} 44. Kd2 {[%clk 00:43:22]}
{[%emt 00:00:03]} Bc7 {[%clk 00:40:07]} {[%emt 00:00:16]} 45. Ke2 {[%clk
00:43:45]} {[%emt 00:00:08]} Bf4 {[%clk 00:40:20]} {[%emt 00:00:17]} 46. Kd1
{[%clk 00:43:54]} {[%emt 00:00:20]} d3 {[%clk 00:40:37]} {[%emt 00:00:14]} 47.
Ke1 {[%clk 00:44:20]} {[%emt 00:00:04]} e3 {[%clk 00:40:52]} {[%emt 00:00:15]}
48. Kd1 {[%clk 00:44:44]} {[%emt 00:00:06]} Bg3 {[%clk 00:41:11]} {[%emt
00:00:11]} 49. h5+ {[%clk 00:44:55]} {[%emt 00:00:20]} Kxh5 {[%clk 00:41:26]}
{[%emt 00:00:15]} 50. Kc1 {[%clk 00:45:23]} {[%emt 00:00:02]} e2 {[%clk
00:41:45]} {[%emt 00:00:10]} 51. Kb2 {[%clk 00:45:50]} {[%emt 00:00:03]} e1=Q
{[%clk 00:41:53]} {[%emt 00:00:22]} 52. Ka3 {[%clk 00:46:02]} {[%emt 00:00:18]}
Qb1 {[%clk 00:42:06]} {[%emt 00:00:16]} 53. Ka4 {[%clk 00:46:27]} {[%emt
00:00:06]} Bc7 {[%clk 00:42:04]} {[%emt 00:00:32]} 54. Ka3 {[%clk 00:46:51]}
{[%emt 00:00:06]} Bd6+ {[%clk 00:42:19]} {[%emt 00:00:15]} 55. Ka4 {[%clk
00:47:17]} {[%emt 00:00:05]} Qb4# {[%clk 00:42:36]} {[%emt 00:00:12]} 0-1

[Event "DEM U12 2021"]
[Site "Willingen GER"]
[Date "2021.08.23"]
[Round "1"]
[White "Malinowsky, Levi"]
[Black "Nönnig, Jakob"]
[Result "1-0"]
[Termination "normal"]
[Board "6"]
[WhiteElo "1593"]
[BlackElo "1442"]
[WhiteClock "00:46:10"]
[BlackClock "00:02:56"]
[PlyCount "117"]
[WhiteFideId "16253094"]
[BlackFideId "16289447"]
[EventCountry "GER"]
[EventRounds "9"]
[EventType "swiss"]
[EventDate "2021.08.22"]

1. e4 {[%clk 01:30:56]} {[%emt 00:00:03]} e5 {[%clk 01:30:56]} {[%emt
00:00:05]} 2. Nf3 {[%clk 01:31:16]} {[%emt 00:00:10]} Nc6 {[%clk 01:31:17]}
{[%emt 00:00:09]} 3. Bb5 {[%clk 01:31:39]} {[%emt 00:00:08]} a6 {[%clk
01:31:28]} {[%emt 00:00:19]} 4. Bxc6 {[%clk 01:31:40]} {[%emt 00:00:29]} dxc6
{[%clk 01:31:32]} {[%emt 00:00:26]} 5. O-O {[%clk 01:31:40]} {[%emt 00:00:30]}
Bg4 {[%clk 01:31:52]} {[%emt 00:00:09]} 6. h3 {[%clk 01:31:28]} {[%emt
00:00:42]} h5 {[%clk 01:32:11]} {[%emt 00:00:11]} 7. d3 {[%clk 01:31:12]}
{[%emt 00:00:47]} Qf6 {[%clk 01:32:16]} {[%emt 00:00:24]} 8. Nbd2 {[%clk
01:30:25]} {[%emt 00:01:17]} Ne7 {[%clk 01:32:01]} {[%emt 00:00:46]} 9. Nc4
{[%clk 01:28:29]} {[%emt 00:02:26]} Bxf3 {[%clk 01:31:44]} {[%emt 00:00:46]}
10. Qxf3 {[%clk 01:28:45]} {[%emt 00:00:14]} Qxf3 {[%clk 01:32:05]} {[%emt
00:00:09]} 11. gxf3 {[%clk 01:29:07]} {[%emt 00:00:08]} Ng6 {[%clk 01:32:02]}
{[%emt 00:00:32]} 12. Rd1 {[%clk 01:27:44]} {[%emt 00:01:53]} O-O-O {[%clk
01:30:07]} {[%emt 00:02:25]} 13. Be3 {[%clk 01:26:10]} {[%emt 00:02:03]} Bd6
{[%clk 01:28:23]} {[%emt 00:02:16]} 14. Kf1 {[%clk 01:24:21]} {[%emt 00:02:19]}
Nf8 {[%clk 01:23:01]} {[%emt 00:05:53]} 15. Ke2 {[%clk 01:18:39]} {[%emt
00:06:12]} Ne6 {[%clk 01:21:08]} {[%emt 00:02:22]} 16. c3 {[%clk 01:15:04]}
{[%emt 00:04:06]} c5 {[%clk 01:15:44]} {[%emt 00:05:54]} 17. a3 {[%clk
01:07:37]} {[%emt 00:07:57]} Rd7 {[%clk 01:09:08]} {[%emt 00:07:05]} 18. b4
{[%clk 01:05:11]} {[%emt 00:02:56]} cxb4 {[%clk 01:08:20]} {[%emt 00:01:19]}
19. axb4 {[%clk 01:05:08]} {[%emt 00:00:33]} Rhd8 {[%clk 01:04:33]} {[%emt
00:04:16]} 20. b5 {[%clk 01:03:37]} {[%emt 00:02:01]} f6 {[%clk 00:44:53]}
{[%emt 00:20:10]} 21. bxa6 {[%clk 01:03:26]} {[%emt 00:00:41]} bxa6 {[%clk
00:42:08]} {[%emt 00:03:15]} 22. Rxa6 {[%clk 01:00:45]} {[%emt 00:03:11]} Nc5
{[%clk 00:40:36]} {[%emt 00:02:02]} 23. Nxd6+ {[%clk 00:59:59]} {[%emt
00:01:17]} cxd6 {[%clk 00:39:55]} {[%emt 00:01:10]} 24. Ra5 {[%clk 00:58:25]}
{[%emt 00:02:03]} Nb7 {[%clk 00:37:31]} {[%emt 00:02:55]} 25. Rd5 {[%clk
00:57:19]} {[%emt 00:01:35]} g5 {[%clk 00:32:29]} {[%emt 00:05:34]} 26. Bb6
{[%clk 00:55:39]} {[%emt 00:02:10]} Rg8 {[%clk 00:31:34]} {[%emt 00:01:25]} 27.
d4 {[%clk 00:54:29]} {[%emt 00:01:40]} g4 {[%clk 00:31:00]} {[%emt 00:01:04]}
28. hxg4 {[%clk 00:51:50]} {[%emt 00:03:09]} hxg4 {[%clk 00:30:40]} {[%emt
00:00:50]} 29. dxe5 {[%clk 00:51:38]} {[%emt 00:00:42]} fxe5 {[%clk 00:30:49]}
{[%emt 00:00:21]} 30. c4 {[%clk 00:49:39]} {[%emt 00:02:29]} gxf3+ {[%clk
00:30:29]} {[%emt 00:00:50]} 31. Ke3 {[%clk 00:48:54]} {[%emt 00:01:14]} Re7
{[%clk 00:28:24]} {[%emt 00:02:36]} 32. c5 {[%clk 00:47:49]} {[%emt 00:01:36]}
dxc5 {[%clk 00:26:36]} {[%emt 00:02:17]} 33. Bxc5 {[%clk 00:47:25]} {[%emt
00:00:53]} Rc7 {[%clk 00:17:17]} {[%emt 00:09:50]} 34. Bd6 {[%clk 00:46:30]}
{[%emt 00:01:25]} Nxd6 {[%clk 00:16:41]} {[%emt 00:01:06]} 35. Rxd6 {[%clk
00:46:45]} {[%emt 00:00:15]} Rf8 {[%clk 00:16:51]} {[%emt 00:00:19]} 36. Re6
{[%clk 00:46:21]} {[%emt 00:00:55]} Rc5 {[%clk 00:11:07]} {[%emt 00:06:15]} 37.
Rd5 {[%clk 00:45:54]} {[%emt 00:00:54]} Rxd5 {[%clk 00:08:04]} {[%emt
00:03:35]} 38. exd5 {[%clk 00:45:52]} {[%emt 00:00:32]} Kd7 {[%clk 00:08:20]}
{[%emt 00:00:14]} 39. Ke4 {[%clk 00:44:49]} {[%emt 00:01:32]} Rf4+ {[%clk
00:03:39]} {[%emt 00:05:11]} 40. Kxe5 {[%clk 00:45:05]} {[%emt 00:00:14]} Ra4
{[%clk 00:03:53]} {[%emt 00:00:16]} 41. Rf6 {[%clk 00:44:52]} {[%emt 00:00:41]}
Ra3 {[%clk 00:03:24]} {[%emt 00:01:00]} 42. Ke4 {[%clk 00:44:06]} {[%emt
00:01:14]} Ke7 {[%clk 00:01:58]} {[%emt 00:01:58]} 43. Rxf3 {[%clk 00:43:56]}
{[%emt 00:00:40]} Ra1 {[%clk 00:01:27]} {[%emt 00:01:01]} 44. Ke5 {[%clk
00:43:28]} {[%emt 00:00:56]} Ra5 {[%clk 00:01:30]} {[%emt 00:00:30]} 45. Rb3
{[%clk 00:43:14]} {[%emt 00:00:43]} Ra2 {[%clk 00:00:59]} {[%emt 00:01:01]} 46.
Rb7+ {[%clk 00:43:32]} {[%emt 00:00:13]} Kf8 {[%clk 00:01:02]} {[%emt
00:00:28]} 47. f4 {[%clk 00:43:35]} {[%emt 00:00:26]} Re2+ {[%clk 00:01:20]}
{[%emt 00:00:13]} 48. Kf6 {[%clk 00:43:53]} {[%emt 00:00:12]} Ke8 {[%clk
00:01:32]} {[%emt 00:00:19]} 49. f5 {[%clk 00:43:37]} {[%emt 00:00:45]} Rh2
{[%clk 00:01:49]} {[%emt 00:00:13]} 50. Ke6 {[%clk 00:43:38]} {[%emt 00:00:28]}
Rh6+ {[%clk 00:02:06]} {[%emt 00:00:14]} 51. f6 {[%clk 00:43:59]} {[%emt
00:00:09]} Kd8 {[%clk 00:01:55]} {[%emt 00:00:41]} 52. d6 {[%clk 00:44:16]}
{[%emt 00:00:13]} Kc8 {[%clk 00:02:11]} {[%emt 00:00:14]} 53. Rg7 {[%clk
00:44:24]} {[%emt 00:00:20]} Rh1 {[%clk 00:02:17]} {[%emt 00:00:27]} 54. f7
{[%clk 00:44:37]} {[%emt 00:00:17]} Re1+ {[%clk 00:02:21]} {[%emt 00:00:26]}
55. Kf6 {[%clk 00:44:57]} {[%emt 00:00:10]} Rf1+ {[%clk 00:02:46]} {[%emt
00:00:06]} 56. Kg6 {[%clk 00:45:11]} {[%emt 00:00:14]} Rg1+ {[%clk 00:02:57]}
{[%emt 00:00:21]} 57. Kh7 {[%clk 00:45:32]} {[%emt 00:00:09]} Rh1+ {[%clk
00:02:47]} {[%emt 00:00:40]} 58. Kg8 {[%clk 00:45:53]} {[%emt 00:00:07]} Rf1
{[%clk 00:02:56]} {[%emt 00:00:21]} 59. f8=Q+ {[%clk 00:46:10]} {[%emt
00:00:14]} 1-0

[Event "DEM U12 2021"]
[Site "Willingen GER"]
[Date "2021.08.23"]
[Round "1"]
[White "Wolff, Calvin"]
[Black "Bräutigam, Alexander"]
[Result "1/2-1/2"]
[Termination "normal"]
[Board "7"]
[WhiteElo "1368"]
[BlackElo "1555"]
[WhiteClock "00:01:00"]
[BlackClock "00:29:37"]
[PlyCount "121"]
[WhiteFideId "16269969"]
[BlackFideId "16245210"]
[EventCountry "GER"]
[EventRounds "9"]
[EventType "swiss"]
[EventDate "2021.08.22"]

1. e4 {[%clk 01:30:47]} {[%emt 00:00:12]} c5 {[%clk 01:30:51]} {[%emt
00:00:10]} 2. Nf3 {[%clk 01:30:56]} {[%emt 00:00:20]} d6 {[%clk 01:31:03]}
{[%emt 00:00:18]} 3. Bb5+ {[%clk 01:31:10]} {[%emt 00:00:17]} Nd7 {[%clk
01:31:18]} {[%emt 00:00:14]} 4. c4 {[%clk 01:29:45]} {[%emt 00:01:55]} a6
{[%clk 01:29:19]} {[%emt 00:02:29]} 5. Ba4 {[%clk 01:30:09]} {[%emt 00:00:06]}
Rb8 {[%clk 01:29:08]} {[%emt 00:00:42]} 6. Nc3 {[%clk 01:29:25]} {[%emt
00:01:14]} Ngf6 {[%clk 01:28:20]} {[%emt 00:01:18]} 7. O-O {[%clk 01:24:10]}
{[%emt 00:05:44]} e5 {[%clk 01:27:26]} {[%emt 00:01:24]} 8. d3 {[%clk
01:23:47]} {[%emt 00:00:53]} Be7 {[%clk 01:27:49]} {[%emt 00:00:07]} 9. Bg5
{[%clk 01:20:18]} {[%emt 00:03:59]} O-O {[%clk 01:27:24]} {[%emt 00:00:54]} 10.
Bxd7 {[%clk 01:20:17]} {[%emt 00:00:33]} Bxd7 {[%clk 01:27:04]} {[%emt
00:00:49]} 11. h3 {[%clk 01:09:27]} {[%emt 00:11:19]} b5 {[%clk 01:25:16]}
{[%emt 00:02:20]} 12. b3 {[%clk 01:07:32]} {[%emt 00:02:24]} b4 {[%clk
01:23:49]} {[%emt 00:01:57]} 13. Bxf6 {[%clk 01:03:26]} {[%emt 00:04:34]} Bxf6
{[%clk 01:21:53]} {[%emt 00:02:28]} 14. Nd5 {[%clk 01:03:36]} {[%emt 00:00:20]}
Kh8 {[%clk 01:21:52]} {[%emt 00:00:30]} 15. Nh2 {[%clk 01:01:10]} {[%emt
00:02:57]} Be7 {[%clk 01:21:00]} {[%emt 00:01:22]} 16. f4 {[%clk 00:59:22]}
{[%emt 00:02:18]} f5 {[%clk 01:20:09]} {[%emt 00:01:21]} 17. fxe5 {[%clk
00:57:30]} {[%emt 00:02:23]} dxe5 {[%clk 01:19:44]} {[%emt 00:00:54]} 18. Qe2
{[%clk 00:53:19]} {[%emt 00:04:41]} f4 {[%clk 01:18:17]} {[%emt 00:01:57]} 19.
Ng4 {[%clk 00:48:13]} {[%emt 00:05:36]} Bf6 {[%clk 01:14:00]} {[%emt 00:04:47]}
20. Ngxf6 {[%clk 00:41:06]} {[%emt 00:07:37]} gxf6 {[%clk 01:12:51]} {[%emt
00:01:39]} 21. Qf2 {[%clk 00:36:30]} {[%emt 00:05:05]} Rc8 {[%clk 01:09:15]}
{[%emt 00:04:06]} 22. Qh4 {[%clk 00:34:01]} {[%emt 00:03:00]} Rc6 {[%clk
01:08:04]} {[%emt 00:01:41]} 23. a3 {[%clk 00:32:55]} {[%emt 00:01:36]} Be6
{[%clk 01:00:04]} {[%emt 00:08:31]} 24. axb4 {[%clk 00:30:28]} {[%emt
00:02:56]} cxb4 {[%clk 00:58:20]} {[%emt 00:02:14]} 25. Rf2 {[%clk 00:26:04]}
{[%emt 00:04:54]} a5 {[%clk 00:55:09]} {[%emt 00:03:41]} 26. Rfa2 {[%clk
00:23:24]} {[%emt 00:03:11]} Bxd5 {[%clk 00:54:56]} {[%emt 00:00:43]} 27. exd5
{[%clk 00:23:28]} {[%emt 00:00:25]} Ra6 {[%clk 00:54:22]} {[%emt 00:01:04]} 28.
Rd1 {[%clk 00:21:36]} {[%emt 00:02:23]} Rg8 {[%clk 00:53:39]} {[%emt 00:01:13]}
29. Kh1 {[%clk 00:18:39]} {[%emt 00:03:27]} f5 {[%clk 00:51:49]} {[%emt
00:02:20]} 30. Qxd8 {[%clk 00:16:22]} {[%emt 00:02:47]} Rxd8 {[%clk 00:52:10]}
{[%emt 00:00:08]} 31. Re1 {[%clk 00:16:39]} {[%emt 00:00:12]} Re8 {[%clk
00:50:30]} {[%emt 00:02:11]} 32. c5 {[%clk 00:16:42]} {[%emt 00:00:27]} Kg7
{[%clk 00:50:21]} {[%emt 00:00:39]} 33. Rc2 {[%clk 00:15:42]} {[%emt 00:01:31]}
Kf6 {[%clk 00:49:58]} {[%emt 00:00:52]} 34. c6 {[%clk 00:14:53]} {[%emt
00:01:19]} Rc8 {[%clk 00:46:54]} {[%emt 00:03:35]} 35. Kg1 {[%clk 00:13:21]}
{[%emt 00:02:01]} a4 {[%clk 00:45:58]} {[%emt 00:01:26]} 36. bxa4 {[%clk
00:13:36]} {[%emt 00:00:16]} b3 {[%clk 00:45:25]} {[%emt 00:01:03]} 37. Rc4
{[%clk 00:12:46]} {[%emt 00:01:19]} b2 {[%clk 00:44:43]} {[%emt 00:01:12]} 38.
Kf2 {[%clk 00:11:10]} {[%emt 00:02:07]} Rb6 {[%clk 00:44:30]} {[%emt 00:00:43]}
39. Rb1 {[%clk 00:11:07]} {[%emt 00:00:32]} Ke7 {[%clk 00:44:37]} {[%emt
00:00:24]} 40. a5 {[%clk 00:11:26]} {[%emt 00:00:10]} Rb5 {[%clk 00:44:33]}
{[%emt 00:00:34]} 41. a6 {[%clk 00:10:18]} {[%emt 00:01:38]} Kd6 {[%clk
00:44:05]} {[%emt 00:00:59]} 42. a7 {[%clk 00:10:15]} {[%emt 00:00:32]} Kxd5
{[%clk 00:41:06]} {[%emt 00:03:28]} 43. c7 {[%clk 00:09:19]} {[%emt 00:01:27]}
Ra5 {[%clk 00:40:59]} {[%emt 00:00:37]} 44. Rxb2 {[%clk 00:09:31]} {[%emt
00:00:19]} Rxa7 {[%clk 00:41:08]} {[%emt 00:00:21]} 45. Rb5+ {[%clk 00:08:10]}
{[%emt 00:01:49]} Kd6 {[%clk 00:40:59]} {[%emt 00:00:40]} 46. Rb6+ {[%clk
00:08:13]} {[%emt 00:00:28]} Kd7 {[%clk 00:38:31]} {[%emt 00:02:58]} 47. Rb5
{[%clk 00:08:14]} {[%emt 00:00:29]} Raxc7 {[%clk 00:37:00]} {[%emt 00:02:01]}
48. Rxc7+ {[%clk 00:08:13]} {[%emt 00:00:30]} Kxc7 {[%clk 00:33:55]} {[%emt
00:03:35]} 49. Rxe5 {[%clk 00:08:18]} {[%emt 00:00:25]} Rf8 {[%clk 00:34:11]}
{[%emt 00:00:14]} 50. Re7+ {[%clk 00:08:30]} {[%emt 00:00:18]} Kd6 {[%clk
00:34:28]} {[%emt 00:00:13]} 51. Rxh7 {[%clk 00:08:47]} {[%emt 00:00:12]} Ke5
{[%clk 00:34:46]} {[%emt 00:00:13]} 52. Rd7 {[%clk 00:07:35]} {[%emt 00:01:42]}
Ra8 {[%clk 00:34:46]} {[%emt 00:00:31]} 53. Kf3 {[%clk 00:07:50]} {[%emt
00:00:15]} Ra3 {[%clk 00:34:35]} {[%emt 00:00:41]} 54. Rd8 {[%clk 00:07:42]}
{[%emt 00:00:38]} Ra2 {[%clk 00:32:50]} {[%emt 00:02:14]} 55. Rb8 {[%clk
00:04:36]} {[%emt 00:03:36]} Ra4 {[%clk 00:31:23]} {[%emt 00:01:58]} 56. Rb5+
{[%clk 00:04:42]} {[%emt 00:00:23]} Kf6 {[%clk 00:31:26]} {[%emt 00:00:27]} 57.
Rb1 {[%clk 00:02:35]} {[%emt 00:02:37]} Rd4 {[%clk 00:31:33]} {[%emt 00:00:23]}
58. Ke2 {[%clk 00:01:19]} {[%emt 00:01:45]} Kg5 {[%clk 00:31:42]} {[%emt
00:00:22]} 59. Rb8 {[%clk 00:01:27]} {[%emt 00:00:22]} Rd5 {[%clk 00:30:57]}
{[%emt 00:01:14]} 60. Rh8 {[%clk 00:01:25]} {[%emt 00:00:33]} Rd4 {[%clk
00:29:37]} {[%emt 00:01:50]} 61. Rh7 {[%clk 00:01:00]} {[%emt 00:00:55]}
1/2-1/2